"United States" in All Featured Languages - Statistics

General Stats
  • This quiz has been taken 41 times
  • The average score is 4 of 9
Answer Stats
Language Name % Correct
English United States
100%
Spanish Estados Unidos
62%
French États-Unis
57%
Italian Stati Uniti
38%
Portuguese Estados Unidos
35%
Polish Stany Zjednoczone
32%
German Vereinigte Staaten
32%
Dutch Verenigde Staten
24%
Finnish Yhdysvallat
16%
No matching quizzes found
Score Distribution
Percent of People with Each Score
Percentile by Number Answered
Your Score History
You have not taken this quiz